000 00722nam a2200229 i 4500
001 101539
003 ES-MaACL
005 20250805062547.0
007 t|
008 051020s1978 sp |||| | spa d
100 1 _aMéchoulan, Henry.
_979654
245 1 0 _aRazón y alteridad en Fadrique Furió Ceriol /
_cHenry Mechoulan ; [traducción, Demetria Chamorro].
260 _aMadrid :
_bEditora Nacional,
_c1978.
300 _a267 p. ;
_c18 cm.
500 _aDocumentos: p. 183-257.
504 _aBibliografía: p. 259-267.
600 1 4 _aFurió Ceriol, Fadrique.
_9166858
650 4 _aPolítica-
_xFilosofía
_916274
700 1 _aChamorro, Demetria.
_937884
852 _aES-MaACL
_jA-9348
999 _c101539
_d101539